|
|
|
|
| LEADER |
00651cam a2200205 7i4500 |
| 001 |
0000003861 |
| 005 |
20170218090000.0 |
| 020 |
|
|
|a 9780324013078
|
| 020 |
|
|
|a 0324013078 (hbk.)
|
| 090 |
0 |
0 |
|a HF5635
|b .S56 2000
|
| 100 |
1 |
|
|a Skousen, K. Fred
|
| 245 |
1 |
0 |
|a Intermediate accounting
|c K.Fred Skousen, Earl K. Stice, James D. Stice.
|
| 250 |
|
|
|a 14th ed.
|
| 260 |
|
|
|a Cincinnati:
|b South-Western College Pub.,
|c 2000.
|
| 300 |
|
|
|a xxx, 1254 p.:
|b col. ill.;
|c 29 cm.
|
| 650 |
0 |
0 |
|a Accounting
|
| 700 |
1 |
|
|a Stice, Earl K
|
| 700 |
1 |
|
|a Stice, James D
|
| 997 |
|
|
|a Business & Accountancy, Faculty
|
| 999 |
|
|
|a 0000005236
|b BOK
|c OPEN SHELF
|e 1st Floor, Shah Alam
|